Les Prévert

Guardado en:
Detalles Bibliográficos
Autor principal: Guillot, Gérard (Autor)
Formato: Libro
Lenguaje:francés
Publicado: París Seghers 1966
Colección:Cinéma d'Aujourd'Hui, 47
Materias:
Etiquetas: Agregar Etiqueta
Sin Etiquetas, Sea el primero en etiquetar este registro!

MARC

LEADER 00000nam a2200000 a 4500
001 UCO5765
003 CL-VaPUC
008 000915e19660000FR |||||||||||||||||fre|d
082 0 4 |a 791.4309  |b GUI  |2 21 
100 |a Guillot, Gérard  |e author  |9 585194 
245 1 4 |a Les Prévert 
300 |a 188 p 
942 |c BK 
945 |d 20000915 00:00:00  |a crobeson 
260 |a París  |b Seghers  |c 1966 
600 0 7 |a PREVERT, JACQUES  |2 CL-VaPUC  |9 450575 
600 0 7 |a PREVERT, PIERRE  |2 CL-VaPUC  |9 450576 
650 0 |a Directores de cine  |9 368705 
650 7 |a REALIZADORES CINEMATOGRAFICOS  |2 CL-VaPUC  |9 355120 
650 7 |a CINE FRANCES  |2 CL-VaPUC  |9 413098 
650 0 |a Biografías  |9 255210 
583 |a last modification  |c 20000915 00:00:00  |k Rodrigo Vera 
490 0 |a Cinéma d'Aujourd'Hui, 47 
999 |c 291595  |d 291593 
952 |0 0  |1 0  |4 0  |6 791_430900000000000_GUI_1966  |7 0  |8 P  |9 341560  |a BIBART  |b BIBART  |d 2019-11-20  |i 1222341  |o 791.4309 GUI 1966  |p 1222341  |r 2025-03-13  |w 2019-11-20  |y BK  |k ART